A national health service (Record no. 411940)

000 -LEADER
fixed length control field 00393cam a22001097a 4500
008 - FIXED-LENGTH DATA ELEMENTS--GENERAL INFORMATION
fixed length control field 180718b1955 xxu||||| |||| 00| 0 eng d
082 ## - DEWEY DECIMAL CLASSIFICATION NUMBER
Classification number O1x41 Un3n
245 ## - TITLE STATEMENT
Title A national health service
Statement of responsibility, etc. by Department of health for scotland, Ministry of Health
260 ## - PUBLICATION, DISTRIBUTION, ETC.
Place of publication, distribution, etc. London
Name of publisher, distributor, etc. Her Majesty's Stationery Office
Date of publication, distribution, etc. 1955
300 ## - PHYSICAL DESCRIPTION
Extent 85p.
700 ## - ADDED ENTRY--PERSONAL NAME
Personal name U.K.Ministry of Health, Department of health for scotland
Holdings
Withdrawn status Lost status Damaged status Not for loan Permanent Location Current Location Date acquired Full call number Barcode Date last seen Price effective from Koha item type
        Indian Institute of Public Administration Indian Institute of Public Administration 2009-02-02 O1x41 Un3n 3126 2018-07-21 2018-07-21 Book

Powered by Koha